[Event "Vlissingen HZ op 16th"]
[Site "Vlissingen"]
[Date "2012.08.06"]
[Round "4"]
[White "Guramishvili, Sopiko"]
[Black "Rademakers, Maarten"]
[Result "1/2-1/2"]
[WhiteElo "2418"]
[BlackElo "2036"]
[PlyCount "100"]
[EventDate "2012.08.04"]
[EventType "swiss"]
[EventRounds "9"]
[EventCountry "NED"]
[SourceTitle "CBM 149 Extra"]
[Source "ChessBase"]
[SourceDate "2012.08.24"]
[SourceVersion "1"]
[SourceVersionDate "2012.08.24"]
[SourceQuality "1"]

1. d4 f5 2. Nc3 d5 3. Bg5 g6 4. h4 Bg7 5. e3 c6 6. Bd3 Nd7 7. h5 h6 8. Bf4 g5 9. Bh2 e6 10. g4 Ne7 11. gxf5 Nxf5 12. Bxf5 exf5 13. Qd3 Nf6 14. Be5 0-0 15. Nge2 Qe8 16. Bxf6 Bxf6 17. 0-0-0 f4 18. e4 dxe4 19. Nxe4 Bg4 20. f3 Bf5 21. Qb3+ Kh8 22. N2c3 Rd8 23. Nxf6 Qe3+ 24. Kb1 Rxf6 25. Rhf1 Qe7 26. d5 Rfd6 27. dxc6 bxc6 28. Rde1 Qg7 29. a3 c5 30. Rd1 Rd2 31. Rxd2 Rxd2 32. Qb8+ Kh7 33. Ne4 Bxe4 34. fxe4 Qe7 35. Qc8 Qxe4 36. Qc7+ Kg8 37. Qb8+ Kf7 38. Qxa7+ Qe7 39. Qa6 Qd6 40. Qb7+ Qd7 41. Qe4 Rd1+ 42. Rxd1 Qxd1+ 43. Ka2 Qxh5 44. Qf5+ Kg7 45. Qe5+ Kg8 46. Qb8+ Kf7 47. Qc7+ Ke6 48. Qc6+ Ke5 49. Qxc5+ Ke4 50. Qe7+ Kf5 1/2-1/2

[Event "Vlissingen HZ op 15th"]
[Site "Vlissingen"]
[Date "2011.07.31"]
[Round "2"]
[White "Bosboom, Manuel"]
[Black "Rademakers, Maarten"]
[Result "1-0"]
[WhiteElo "2399"]
[BlackElo "2054"]
[PlyCount "75"]
[EventDate "2011.07.30"]
[EventType "swiss"]
[EventRounds "9"]
[EventCountry "NED"]
[SourceTitle "CBM 143 Extra"]
[Source "ChessBase"]
[SourceDate "2011.08.29"]
[SourceVersion "1"]
[SourceVersionDate "2011.08.29"]
[SourceQuality "1"]

1. c4 e5 2. b3 g6 3. Bb2 Bg7 4. e3 f5 5. h4 h6 6. g4 d6 7. gxf5 Bxf5 8. Ne2 Qf6 9. Ng3 Ne7 10. Nxf5 Nxf5 11. Nc3 0-0 12. Ne4 Qf7 13. Qg4 c6 14. Rg1 Nd7 15. Qxg6 Nxh4 16. Qxf7+ Rxf7 17. Bh3 d5 18. cxd5 cxd5 19. Bxd7 Nf3+ 20. Ke2 dxe4 21. Be6 Rd8 22. Rgd1 Ng5 23. Bxf7+ Kxf7 24. Rac1 h5 25. Rc7+ Kg6 26. Rxb7 h4 27. Rxa7 Bf6 28. Bc3 h3 29. Rh1 Kf5 30. b4 Kg4 31. b5 Rh8 32. a4 Nf3 33. Rf7 Bg5 34. Rb7 Bh4 35. Rg7+ Bg5 36. Bxe5 Rd8 37. Bc3 h2 38. b6 1-0

[Event "Vlissingen HZ op 14th"]
[Site "Vlissingen"]
[Date "2010.08.08"]
[Round "2"]
[White "Rademakers, Maarten"]
[Black "Zelbel, Patrick"]
[Result "0-1"]
[WhiteElo "2041"]
[BlackElo "2345"]
[PlyCount "70"]
[EventDate "2010.08.07"]
[EventType "swiss"]
[EventRounds "9"]
[EventCountry "NED"]
[SourceTitle "CBM 137 Extra"]
[Source "ChessBase"]
[SourceDate "2010.09.01"]
[SourceVersion "1"]
[SourceVersionDate "2010.09.01"]
[SourceQuality "1"]

1. d4 Nf6 2. c4 c5 3. d5 e6 4. Nc3 exd5 5. cxd5 d6 6. e4 g6 7. Nf3 Bg7 8. Bc4 Bg4 9. Bf4 0-0 10. 0-0 a6 11. a4 Ne8 12. h3 Bxf3 13. Qxf3 Nd7 14. Qg3 Ne5 15. Be2 f5 16. exf5 Rxf5 17. Bg4 Rf8 18. Be6+ Kh8 19. Ne4 Nf6 20. Bxe5 Nxe4 21. Bxg7+ Kxg7 22. Qe3 Ng5 23. Rae1 Qf6 24. Qb3 Rab8 25. Qg3 Qf4 26. Qc3+ Kh6 27. a5 Ne4 28. Qa3 Nd2 29. g3 Qf3 30. Qa4 Nxf1 31. Rxf1 Qf6 32. f4 Qd4+ 33. Qxd4 cxd4 34. Rd1 b6 35. Rxd4 bxa5 0-1

[Event "Ghent Taminco op 33rd"]
[Site "Ghent"]
[Date "2010.07.17"]
[Round "2"]
[White "Rademakers, Maarten"]
[Black "Van Oosterom, Chiel"]
[Result "0-1"]
[WhiteElo "2041"]
[BlackElo "2413"]
[PlyCount "72"]
[EventDate "2010.07.17"]
[EventType "swiss"]
[EventRounds "9"]
[EventCountry "BEL"]
[SourceTitle "CBM 137 Extra"]
[Source "ChessBase"]
[SourceDate "2010.09.01"]
[SourceVersion "1"]
[SourceVersionDate "2010.09.01"]
[SourceQuality "1"]

1. c4 f5 2. d4 Nf6 3. Nc3 d6 4. g3 g6 5. Bg2 Bg7 6. Nf3 0-0 7. 0-0 Qe8 8. d5 a5 9. Be3 Na6 10. Qd2 Ng4 11. Bf4 Nc5 12. Nd4 Bd7 13. e4 fxe4 14. Nxe4 Nxe4 15. Bxe4 g5 16. Bxg5 Qh5 17. h4 h6 18. Be3 Qe5 19. Bg2 Nxe3 20. fxe3 Qxg3 21. Rxf8+ Rxf8 22. Qe1 Qg4 23. Rd1 Be5 24. Rd2 Bg3 25. Qb1 Kh8 26. Qe4 Qxh4 27. Qxh4 Bxh4 28. Nf3 Bf6 29. Rc2 Bf5 30. Rd2 Be4 31. Kh1 Rg8 32. Ne1 Bb1 33. b3 Bc3 34. Re2 Bxe1 35. Rxe1 Bxa2 36. Ra1 Bxb3 0-1

[Event "Vlissingen HZ op 13th"]
[Site "Vlissingen"]
[Date "2009.08.08"]
[Round "9"]
[White "Rademakers, Maarten"]
[Black "Van den Berg, Ad"]
[Result "0-1"]
[WhiteElo "2066"]
[BlackElo "2197"]
[PlyCount "64"]
[EventDate "2009.08.01"]
[EventType "swiss"]
[EventRounds "9"]
[EventCountry "NED"]
[SourceTitle "CBM 131 Extra"]
[Source "ChessBase"]
[SourceDate "2009.09.03"]
[SourceVersion "2"]
[SourceVersionDate "2009.09.16"]
[SourceQuality "1"]

1. c4 Nf6 2. g3 g6 3. Bg2 Bg7 4. Nc3 0-0 5. e3 c5 6. Nge2 Nc6 7. d4 d6 8. 0-0 Bd7 9. b3 Qc8 10. d5 Nd8 11. f4 Bg4 12. Bb2 Qf5 13. e4 Qh5 14. Qc2 Bh3 15. Nd1 Ng4 16. Nc1 Bxb2 17. Qxb2 Nxh2 18. Kxh2 Bg4+ 19. Kg1 Bxd1 20. f5 f6 21. Nd3 Bg4 22. Nf4 Qg5 23. Ne6 Nxe6 24. fxe6 h5 25. Rae1 b6 26. Qf2 Qe5 27. Bf3 Bxf3 28. Qxf3 Kg7 29. Qf4 Qc3 30. Qe3 Qxe3+ 31. Rxe3 Rh8 32. Rd3 Rad8 0-1

[Event "NED-ch U17"]
[Site "Venlo"]
[Date "2008.04.27"]
[Round "3"]
[White "Rademakers, Maarten"]
[Black "Hachijan, Armen"]
[Result "0-1"]
[WhiteElo "1862"]
[BlackElo "2130"]
[PlyCount "48"]
[EventDate "2008.04.25"]
[EventType "swiss"]
[EventRounds "9"]
[EventCountry "NED"]
[SourceTitle "CBM 123 Extra"]
[Source "ChessBase"]
[SourceDate "2008.05.06"]
[SourceVersion "1"]
[SourceVersionDate "2008.05.06"]
[SourceQuality "1"]

1. c4 Nf6 2. Nc3 g6 3. g3 Bg7 4. Bg2 0-0 5. d3 d6 6. e4 e5 7. Nge2 Be6 8. f4 Nc6 9. 0-0 Qd7 10. Nd5 Ne8 11. f5 gxf5 12. exf5 Bxf5 13. Rxf5 Qxf5 14. Qb3 Rb8 15. Ne3 Qd7 16. Qb5 Nf6 17. Nd5 a6 18. Qa4 Qg4 19. Nec3 Nxd5 20. Nxd5 b5 21. Qxa6 Qd1+ 22. Bf1 Nd4 23. Nc3 Qc2 24. Bg2 b4 0-1